| 000 | 00565nam a22001817a 4500 | ||
|---|---|---|---|
| 005 | 20260507111113.0 | ||
| 008 | 260507b |||||||| |||| 00| 0 eng d | ||
| 020 | _a0070458960 | ||
| 040 |
_aMMSU _cULS |
||
| 050 | _aTA 351 N37 1992 CIRC | ||
| 100 | _aNash, William A. | ||
| 245 |
_aschaum's outline of theory and problems of statistics and mechanics of materials / _cWilliam A. Nash |
||
| 260 |
_aNew York: _bMcGraw-Hill,Inc. _c1992 |
||
| 300 |
_a282 pages : _c25 cm. |
||
| 500 | _aIncludes index | ||
| 650 | _aStatics-problems,exercises etc. | ||
| 942 |
_2lcc _cBK |
||
| 999 |
_c29089 _d29089 |
||